| 000 | 00541nam a22001937a 4500 | ||
|---|---|---|---|
| 003 | Ost | ||
| 005 | 20201021161316.0 | ||
| 008 | 201021b ||||| |||| 00| 0 eng d | ||
| 020 | _a9781597268271 | ||
| 040 | _cBT-PhCST | ||
| 050 | _a23519-23521 | ||
| 082 |
_222 _a711.55 _bGEH |
||
| 100 | _aGehl, Jan. | ||
| 245 |
_aLife between buildings : _busing public space / |
||
| 260 |
_aWashington, DC : _bIsland Press, _cc2011. |
||
| 300 |
_a 207 p. : _bill. ; _c23 cm. |
||
| 500 | _aIncludes bibliographical references and index. | ||
| 942 |
_2ddc _cAE |
||
| 999 |
_c7926 _d7926 |
||